000 00281nam a22001097a 4500
003 OSt
005 20260224124446.0
008 260224b |||||||| |||| 00| 0 eng d
040 _ckenyatta University
245 _aPolicy on Gender Based Violence and Sexual Harassment
942 _2ddc
_cBK
999 _c4173
_d4173